skbl

Dr Suryya Kumar Bhuyan Library Web-OPAC
ডঃ সূৰ্য্য
কুমাৰ ভূঞা পুথিভঁৰাল ৱেব-অ'পেক

All Research Scholars are advised to clear the annual library fees to continue using Library Resources, Remote Access, Plagiarism Test and Library Clearance.

Cotton University Book Fair 2026

Introducing Global Issues / (Record no. 52073)

MARC details
000 -LEADER
fixed length control field 00589nam a2200205Ia 4500
001 - CONTROL NUMBER
control field 52109
008 - FIXED-LENGTH DATA ELEMENTS--GENERAL INFORMATION
fixed length control field 171109s2007 ii a g b000 u 465 u
020 ## - INTERNATIONAL STANDARD BOOK NUMBER
International Standard Book Number 81-309-0422-5
082 ## - DEWEY DECIMAL CLASSIFICATION NUMBER
Classification number 303.48
100 ## - MAIN ENTRY--PERSONAL NAME
Personal name Snarr, Michael T. .
245 #0 - TITLE STATEMENT
Title Introducing Global Issues /
Statement of responsibility, etc. Michael T. Snarr.
Medium Textual Documents
250 ## - EDITION STATEMENT
Edition statement 3rd ed. /
260 ## - PUBLICATION, DISTRIBUTION, ETC.
Place of publication, distribution, etc. N.Delhi :
Name of publisher, distributor, etc. Viva Books ,
Date of publication, distribution, etc. 2007.
300 ## - PHYSICAL DESCRIPTION
Extent 348 :
Other physical details Photos,Fascimile ;
504 ## - BIBLIOGRAPHY, ETC. NOTE
Bibliography, etc. note Bibliography,Contributors,Index
653 ## - INDEX TERM--UNCONTROLLED
Uncontrolled term Globalization,Global Issues
653 ## - INDEX TERM--UNCONTROLLED
Uncontrolled term T/G-Economics
700 ## - ADDED ENTRY--PERSONAL NAME
Personal name Snarr, D.Neil.
942 ## - ADDED ENTRY ELEMENTS (KOHA)
Source of classification or shelving scheme Dewey Decimal Classification
Koha item type Books
Holdings
Withdrawn status Lost status Damaged status Not for loan Home library Current library Shelving location Date acquired Coded location qualifier Total checkouts Full call number Barcode Date last seen Copy number Price effective from Koha item type
        Dr. Suryya Kumar Bhuyan Library Dr. Suryya Kumar Bhuyan Library   01/02/2012 00000   303.48 Sn 15 In 92717 14/01/2024 1 01/02/2012 Books

Designed and Maintained by Team SKBL
©1901-2026

Powered by Koha